Tour de France (pre-WWII) Quiz Stats

 Plays Quiz Updated Apr 2, 2020

     
Support Sporcle.
Go Orange.
Score 0/33 Timer 07:00
3 Plays Today
Year Winner % Correct
1938Gino Bartali
80.7%
1903Maurice Garin
79.8%
1907Lucien Petit-Breton
69.6%
1908Lucien Petit-Breton
69.6%
1913Philippe Thys
69.3%
1914Philippe Thys
69.3%
1920Philippe Thys
69.3%
1936Sylvère Maes
69.1%
1939Sylvère Maes
69.1%
1935Romain Maes
69%
1927Nicolas Frantz
59.6%
1928Nicolas Frantz
59.6%
1924Ottavio Bottecchia
58.4%
1925Ottavio Bottecchia
58.4%
1904Henri Cornet
57.3%
1909François Faber
56.9%
1923Henri Pélissier
54.8%
Year Winner % Correct
1931Antonin Magne
54.3%
1934Antonin Magne
54.3%
1910Octave Lapize
51.1%
1919Firmin Lambot
49.6%
1922Firmin Lambot
49.6%
1930André Leducq
49.1%
1932André Leducq
49.1%
1905Louis Trousselier
47%
1911Gustave Garrigou
44.5%
1912Odile Defraye
42.8%
1906René Pottier
41.7%
1937Roger Lapébie
40.7%
1933Georges Speicher
40.4%
1926Lucien Buysse
40.1%
1929Maurice De Waele
40%
1921Léon Scieur
39.5%

From the Vault

Famous Names in Other Words

by LTH

Wouldn't it be a lot more fun if June Cleaver was actually called: 'Summer month used for chopping through bones'?
Remove Ads.
Support Sporcle.
Get the best of Sporcle when you Go Orange. This ad-free experience offers more features, more stats, and more fun while also helping to support Sporcle. Thank you for becoming a member.

Show Comments

Extras

Top Quizzes Today


Score Distribution

Your Account Isn't Verified!

In order to create a playlist on Sporcle, you need to verify the email address you used during registration. Go to your Sporcle Settings to finish the process.

Report this User

Report this user for behavior that violates our Community Guidelines.

Details: